| 000 | 00559nmm a2200169Ia 4500 | ||
|---|---|---|---|
| 008 | 251105s9999||||xx |||||||||||||||||und|| | ||
| 020 | _a8497420918 | ||
| 041 | _aspa | ||
| 100 | _aMerinero Martín, María Jesús | ||
| 245 | 0 |
_aDiálogo de civilizaciones (Oriente-Occidente) : _b Aporte al entendimiento internacional |
|
| 264 |
_a[Madrid, España] : _bBiblioteca Nueva, _c2002 |
||
| 300 | _a154 páginas | ||
| 490 | _aEnsayo Pensamiento | ||
| 650 | _aPolitical Science (General) | ||
| 856 | _uhttps://public.digitaliapublishing.com/a/4933 | ||
| 942 | _cCF | ||
| 999 |
_c74065 _d74065 |
||